000 00761nam a2200253Ia 4500
003 OSt
005 20241111093305.0
008 210716s1999 xx 000 0 und d
020 _a9788120324595
040 _cAIMIT LIBRARY
041 _aeng
082 _a005.73
_bVOSM
100 _aVose, Michael D.
_9184822
245 _aSimple genetic algorithms :
_bfoundation and theory.
250 _a1st ed.
260 _aNew Delhi :
_bPHI Learning Pvt Ltd ,
_c1999.
300 _a251 p.;
_bPB
_c25 cm.
650 _aSimple heuristic search
_9184823
650 _aWalsh transform
_9184824
650 _aComputing with the heuristic
_9184825
650 _aFocused heuristics
_9184826
650 _aAsymptotic behaviour
_9184827
942 _2ddc
_cBK
_k005.73 VOSM
999 _c189514
_d189514